000 00579nam a2200217Ia 4500
003 OSt
005 20221007082932.0
006 a|||||r|||| 00| 0
007 ta
008 221006b |||||||| |||| 00| 0 eng d
024 _a41,529
037 _cDissertations
040 _aFLL
_cFLL
_beng
041 _2eng
_aeng
100 _aChaudhary Pushpendra
_9699856
245 0 _aRight to privacy
_b an outline of development process in USA and India
260 _c2014
300 _ad.p.
_ccm.
942 _cDIS
_2CC
999 _c1168226
_d1168226